| 000 | 01224naa a22003497a 4500 | ||
|---|---|---|---|
| 001 | BR7908734 | ||
| 003 | BR-BrBNA | ||
| 005 | 20250716093232.0 | ||
| 007 | ta | ||
| 008 | 250630b bl.|||m| |||| 00| 0 por d | ||
| 040 |
_aBR-BrBNA _bpor _cBiblioteca Nacional de Agricultura |
||
| 041 | _a(Pt) | ||
| 072 |
_aH20 _b3140 _b3103 _b3240 _b4120 |
||
| 090 | _aH20 BR7908734 | ||
| 100 | 1 | _aMucci, E.S.F. | |
| 100 | 1 | _aYokomizo, N.K.S. | |
| 245 | 1 | _aAspectos fitossanitarios e de controle de doencas florestais [Pinus spp., Eucalyptus spp., Araucaria angustifolia, fungo] | |
| 500 | _aBoletim tecnico, novembro 1979 Sao Paulo, SP (Brasil): 1979. p. 1-23 [10 illus.; 30 ref.; Summaries (En, Pt)] (BR7908734-AMS) | ||
| 773 | 0 |
_tBoletim tecnico, novembro 1979 _wH20 BR7908734 _gSao Paulo, SP (Brasil), 1979. p. 1-23 |
|
| 650 | _aPINHEIRO | ||
| 650 | _aEUCALIPTO | ||
| 650 | _aPINHEIRO-DO-PARANA | ||
| 650 | _aFUNGO | ||
| 650 | _aCANCRO | ||
| 650 | _aERRADICACAO | ||
| 650 | _aCONTROLE BIOLOGICO | ||
| 650 | _aCONTROLE QUIMICO | ||
| 650 | _aVARIEDADE RESISTENTE | ||
| 490 |
_aBoletim Tecnico - Instituto Florestal (Brazil) _vno. 32 _xISSN 0100-3151 |
||
| 942 |
_cAMS _2AGRIS |
||
| 909 |
_a202506 _bLúcia _c55 _dLúcia Elande |
||
| 999 |
_c333521 _d333521 |
||